पिघलता सीसा / (Record no. 115311)

MARC details
000 -LEADER
fixed length control field 01080nam a22002777a 4500
003 - CONTROL NUMBER IDENTIFIER
control field dpl
005 - DATE AND TIME OF LATEST TRANSACTION
control field 20180711121509.0
008 - FIXED-LENGTH DATA ELEMENTS--GENERAL INFORMATION
fixed length control field 180711b xxu||||| |||| 00| 0 eng d
010 ## - LIBRARY OF CONGRESS CONTROL NUMBER
LC control number A-967148
020 ## - INTERNATIONAL STANDARD BOOK NUMBER
Terms of availability 190.00
035 ## - SYSTEM CONTROL NUMBER
System control number A-967148, A-967152
037 ## - SOURCE OF ACQUISITION
Source of stock number/acquisition Cen Lib/Ret
040 ## - CATALOGING SOURCE
Original cataloging agency DPL
Language of cataloging HN
Transcribing agency 0
082 ## - DEWEY DECIMAL CLASSIFICATION NUMBER
Classification number
Item number सिंहनि
100 ## - MAIN ENTRY--PERSONAL NAME
Personal name सिंह, निर्मला
9 (RLIN) 60854
245 ## - TITLE STATEMENT
Title पिघलता सीसा /
Statement of responsibility, etc निर्मला सिंह
246 ## - VARYING FORM OF TITLE
Title proper/short title Pighalta seesa /
Remainder of title by Nirmala Singh
260 ## - PUBLICATION, DISTRIBUTION, ETC. (IMPRINT)
Place of publication, distribution, etc नई दिल्ली
Name of publisher, distributor, etc झारीसन
Date of publication, distribution, etc 1999
270 ## - ADDRESS
Address एफ-3/16, गे हाउस, अंसारी रोड, दरियागंज
City नई दिल्ली
Postal code 110002
300 ## - PHYSICAL DESCRIPTION
Extent 190पृ.
Dimensions 21सेमी (सजिल्द)
650 ## - SUBJECT ADDED ENTRY--TOPICAL TERM
Topical term or geographic name as entry element हिन्दी -- साहित्य
9 (RLIN) 60855
650 ## - SUBJECT ADDED ENTRY--TOPICAL TERM
Topical term or geographic name as entry element हिन्दी -- उपन्यास
9 (RLIN) 60856
650 ## - SUBJECT ADDED ENTRY--TOPICAL TERM
Topical term or geographic name as entry element Hindi -- Literature
9 (RLIN) 60857
650 ## - SUBJECT ADDED ENTRY--TOPICAL TERM
Topical term or geographic name as entry element Hindi -- Fiction
9 (RLIN) 27248
942 ## - ADDED ENTRY ELEMENTS (KOHA)
Source of classification or shelving scheme Dewey Decimal Classification
Koha item type Hindi Books
Classification part
Call number suffix सिंहनि
Holdings
Withdrawn status Lost status Damaged status Not for loan Home library Current library Date acquired Source of acquisition Cost, normal purchase price Total Checkouts Full call number Barcode Date last seen Copy number Cost, replacement price Price effective from Koha item type Public note Source of classification or shelving scheme Collection code
Written off       Central Library Central Library 20/08/2015 Cen Lib/Ret 190.00   उ सिंहनि A-967148 20/08/2015 1 190.00 20/08/2015 Hindi Books Written off on approval by DLB (By Circulation); dtd 15-06-2023    
        Shahdara Branch Shahdara Branch 11/07/2018 BPPD/PUB 190.00   उ सिंहनि A-967152 11/07/2018   190.00 11/07/2018 Hindi Books   Dewey Decimal Classification Fiction

© Delhi Public Library
Hit Counter
free hit counter